Figuren aus dem Super Mario Universum - Statistiken

Allgemein
  • Dieses Quiz wurde 173 mal gespielt
  • Das Durchschnittsergebnis liegt bei 18 aus 42
Antwortstatistiken
Hint Antwort % Korrekt
Hauptcharakter Luigi
100%
Hauptcharakter Mario
100%
Hauptcharakter Prinzessin Peach
99%
Hauptcharakter Bowser
97%
Hauptcharakter Toad
91%
Hauptcharakter Yoshi
87%
Nebencharakter Prinzessin Daisy
86%
Nebencharakter Waluigi
82%
Nebencharakter Wario
82%
Gegner Koopa
72%
Gegner Gumba
71%
Nebencharakter Bowser Jr.
70%
Super Mario Bezug Donkey Kong
70%
Nebencharakter Rosalina
67%
Nebencharakter Toadette
66%
Super Mario Bezug Diddy Kong
55%
Nebencharakter Kamek
44%
Nebencharakter Birdo
41%
Nebencharakter König Buu Huu
40%
Gegner Lakitu
36%
Gegner Shy Guy
36%
Gegner Buu Huu
32%
Gegner Hammer-Bruder
29%
Gegner Cheep-Cheep
26%
Gegner Piranha-Pflanze
26%
Gegner Wiggler
26%
Gegner Parakoopa
23%
Gegner Kugelwilli
18%
Nebencharakter Cappy
17%
Gegner Blooper
16%
Gegner Bob-omb
14%
Gegner Stachi
14%
Gegner Kettenhund
13%
Nebencharakter Koopalinge
11%
Nebencharakter Mopsie
11%
Gegner Pokey
11%
Nebencharakter Toadsworth
11%
Nebencharakter Prof. I . Gidd
9%
Nebencharakter Schnuffel/Schnuffelchen
5%
Nebencharakter Tiara
5%
Gegner Bummel-Käfer
3%
Nebencharakter Die Feen
1%
Keine übereinstimmenden Quizze gefunden
Verteilung der Resultate
Anzahl Personen mit jedem Resultat
Perzentil nach korrekt beantworteten Fragen
Ihre Resultats-Entwicklung
Sie haben dieses Quiz noch nicht gespielt